000
00407nam a22001697a 4500
003
MPLRDC
005
20220104142509.0
008
210129b ||||| |||| 00| 0 eng d
082
_a
857.49 ZRC-2
100
_a
周汝昌
245
_a
献芹集
_c
250
_a
一版一刷
260
_a
_b
山西人民出版社
_c
1985
300
_b
平
650
_a
话本小说及章回
942
_c
BK
_o
857.49 ZRC-2
999
_c
31368
_d
31358